logo

Bir Sreshtho Munshi Abdur Rouf Library
Jhenaidah Cadet College

Foundations of geography, (Record no. 8411)

MARC details
000 -LEADER
fixed length control field 00659cam a22002531 4500
001 - CONTROL NUMBER
JCCL Control Number 8411
003 - CONTROL NUMBER IDENTIFIER
JCCL marc code BD-JhCC
005 - DATE AND TIME OF LATEST TRANSACTION
control field 20180224090826.0
008 - FIXED-LENGTH DATA ELEMENTS--GENERAL INFORMATION
fixed length control field 761001s1937 nyuab 001 1 eng
035 ## - SYSTEM CONTROL NUMBER
system control number (BD-JhCC)8411
035 ## - SYSTEM CONTROL NUMBER
system control number (OCoLC)2476618
040 ## - CATALOGING SOURCE
Original cataloging agency DLC
Transcribing agency KyLoU
Modifying agency DLC
041 ## - LANGUAGE CODE
Language code of Book eng
050 00 - LIBRARY OF CONGRESS CALL NUMBER
Classification number G126
Item number .D6
082 ## - DEWEY DECIMAL CLASSIFICATION NUMBER
Classification number 910
Author mark and Year PRE 1965
100 1# - MAIN ENTRY--PERSONAL NAME
Personal name Preece, D. M.
245 10 - TITLE STATEMENT
Title Foundations of geography,
Remainder of title D. M. Preece and H. R. B. Wood
260 ## - PUBLICATION, DISTRIBUTION, ETC. (IMPRINT)
Place of publication, distribution, etc London :
Name of publisher, distributor, etc University Tutorial Press Ltd,
Date of publication, distribution, etc 1965
300 ## - PHYSICAL DESCRIPTION
Pagination 347 p. :
Dimensions 20 cm.
650 #0 - SUBJECT ADDED ENTRY--TOPICAL TERM
Topical term or geographic name as entry element Geography
Form subdivision Textbooks.
700 1# - ADDED ENTRY--PERSONAL NAME
Personal name Wood, H. R. B.
942 ## - ADDED ENTRY ELEMENTS (KOHA)
Source of classification or shelving scheme Dewey Decimal Classification
Koha item type Books
Holdings
Source of classification or shelving scheme Damaged status Not for loan Home library Current library Shelving location Date of accession Total Checkouts Full call number Barcode Date last seen Copy number Koha item type
Dewey Decimal Classification     JCC Rouf Library JCC Rouf Library General Stacks 02/24/2018   910 PRE 1965 11028 02/24/2018 C-1 Books

JCC Library | Contacts | JCC Home

Last Update on 23 September 2017
Copyright @ 2017-2020 JCC Rouf Library
Rouf Library, Jhenidah Cadet College (JCC), Bangladesh